[Event "SR 3. liga A2 2013/2014"]
[Site "?"]
[Date "2013.10.13"]
[Round "1.4"]
[White "Schmikli, Laszlo"]
[Black "Kapusta, Petr"]
[Result "0-1"]
[WhiteElo "2244"]
[BlackElo "2139"]
[PlyCount "96"]
[EventDate "2013.??.??"]

1. f4 d5 2. Nf3 c5 3. g3 Nc6 4. Bg2 Nf6 5. O-O g6 6. d3 Bg7 7. c3 O-O 8. Qe1 d4
9. e4 dxc3 10. bxc3 Qxd3 11. Ba3 Qxe4 12. Bxc5 Qxe1 13. Rxe1 Rd8 14. Ne5 Nxe5
15. fxe5 Nd5 16. Na3 Nxc3 17. Bxe7 Rd2 18. Nc4 Rxa2 19. Rxa2 Nxa2 20. Ra1 Be6
21. Rxa2 Bxc4 22. Ra4 Bb5 23. Ra5 Bc6 24. Bxc6 bxc6 25. Kf2 Bf8 26. Bg5 Bb4 27.
Ra6 Bc5+ 28. Be3 Bxe3+ 29. Kxe3 c5 30. Ke4 c4 31. Kd4 Rc8 32. Rxa7 c3 33. Ra1
c2 34. Rc1 Kf8 35. Kd3 Ke7 36. Rxc2 Rxc2 37. Kxc2 Ke6 38. Kd3 Kxe5 39. Ke3 h5
40. Kf3 Kf5 41. Ke3 Kg4 42. Kf2 Kh3 43. Kg1 g5 44. Kh1 f5 45. Kg1 h4 46. gxh4
Kxh4 47. Kg2 g4 48. Kh1 Kh3 0-1

[Event "SR 3. liga A2 2013/2014"]
[Site "?"]
[Date "2013.10.13"]
[Round "1.4"]
[White "Stanec, Stanislav"]
[Black "Ivan, Imrich"]
[Result "0-1"]
[WhiteElo "2195"]
[BlackElo "2071"]
[PlyCount "119"]
[EventDate "2013.??.??"]

1. e4 e6 2. d4 d5 3. e5 c5 4. c3 Qb6 5. f4 Nc6 6. Nf3 cxd4 7. Nxd4 Nxd4 8. Qxd4
Bc5 9. Qd2 a5 10. Bd3 Ne7 11. Rf1 g6 12. Qe2 Bd7 13. Nd2 a4 14. Rf3 Bc6 15. Rh3
Nf5 16. g4 Ng7 17. Nf1 d4 18. c4 O-O-O 19. Nd2 Bb4 20. Kf2 Bxd2 21. Qxd2 h5 22.
g5 Nf5 23. a3 Ne3 24. Qb4 Ng4+ 25. Kg1 Qa7 26. Rg3 Rd7 27. h3 Ne3 28. Kf2 Nf5
29. Rg1 h4 30. Bd2 b6 31. Rac1 Qb7 32. b3 Ne3 33. Be2 axb3 34. Qxb3 Nf5 35. Rb1
d3 36. Bg4 Kc7 37. Bxf5 exf5 38. Be3 Rb8 39. Rgd1 Be4 40. Rd2 Bh1 41. Rxd3 Qf3+
42. Ke1 Qg3+ 43. Kd2 Qg2+ 44. Kc3 Rxd3+ 45. Kxd3 Qf3 46. Kd2 Rd8+ 47. Ke1 b5
48. cxb5 Kb8 49. Rb2 Bg2 50. Rf2 Qxh3 51. a4 Qh1+ 52. Ke2 Bd5 53. Ba7+ Kxa7 54.
Qc2 Qe4+ 55. Qxe4 Bxe4 56. a5 Bd3+ 57. Ke3 Bxb5 58. Rc2 Rd7 59. Rc8 h3 60. Kf2
0-1

[Event "SR 3. liga A2 2013/2014"]
[Site "?"]
[Date "2013.10.13"]
[Round "1.4"]
[White "Csefalvay, Stefan"]
[Black "Strakac, Petr"]
[Result "1-0"]
[WhiteElo "1852"]
[BlackElo "2090"]
[PlyCount "99"]
[EventDate "2013.??.??"]

1. d4 f5 2. c4 Nf6 3. Nc3 e6 4. g3 Be7 5. Bg2 O-O 6. Bg5 h6 7. Bd2 d6 8. Nf3
Nc6 9. d5 Ne5 10. b3 Nxf3+ 11. Bxf3 e5 12. e4 Qe8 13. O-O Qg6 14. exf5 Bxf5 15.
Bg2 Bc2 16. Qc1 Nh7 17. Be3 Ng5 18. Bxg5 Bxg5 19. Qe1 h5 20. Be4 Bxe4 21. Qxe4
Qf6 22. h4 Bh6 23. Qe2 Qg6 24. Qe4 Qf7 25. Rad1 a6 26. Rd3 Qf6 27. Qe2 g6 28.
Ne4 Qf5 29. Kg2 b5 30. c5 Qd7 31. c6 Qe7 32. Rf3 Kg7 33. Rxf8 Rxf8 34. b4 Qf7
35. Rd1 Kg8 36. Rd3 Kg7 37. Rd1 Qe8 38. Rd3 Rf5 39. Ra3 Qc8 40. Rd3 Rf8 41. f3
Rf5 42. Qf2 g5 43. hxg5 Bxg5 44. Qa7 Be7 45. Ra3 h4 46. Qb7 h3+ 47. Kh2 Qf8 48.
Qxc7 Kh6 49. Qd7 Rh5 50. c7 1-0

[Event "SR 3. liga A2 2013/2014"]
[Site "?"]
[Date "2013.10.13"]
[Round "1.4"]
[White "Hudacek, Josef"]
[Black "Vizvari, Ludovit"]
[Result "1-0"]
[WhiteElo "2040"]
[BlackElo "1996"]
[PlyCount "57"]
[EventDate "2013.??.??"]

1. e4 c5 2. Ne2 e6 3. g3 Nc6 4. Bg2 Qc7 5. d3 Nf6 6. f4 d6 7. O-O Be7 8. c3 O-O
9. h3 h6 10. Nd2 e5 11. Nc4 b5 12. Ne3 Bb7 13. g4 Nd8 14. g5 hxg5 15. fxg5 Nh7
16. h4 g6 17. Ng4 Kg7 18. Qe1 f6 19. gxf6+ Nxf6 20. Bh6+ Kg8 21. Bxf8 Nxg4 22.
Bxe7 Qxe7 23. Qg3 Bc8 24. Bh3 Nh6 25. Qxg6+ Qg7 26. Qxg7+ Kxg7 27. Kh2 Bxh3 28.
Kxh3 Ndf7 29. Rg1+ 1-0

[Event "SR 3. liga A2 2013/2014"]
[Site "?"]
[Date "2013.10.13"]
[Round "1.4"]
[White "Feher, Tibor"]
[Black "Kubis, Ivan"]
[Result "1-0"]
[WhiteElo "1815"]
[BlackElo "1992"]
[PlyCount "31"]
[EventDate "2013.??.??"]

1. e4 e5 2. Nf3 Nc6 3. d4 exd4 4. Nxd4 Nf6 5. Nxc6 bxc6 6. f3 Bc5 7. Nc3 O-O 8.
Na4 Nxe4 9. Nxc5 Nxc5 10. Be3 Re8 11. Qd2 Qe7 12. Kf2 d5 13. Re1 Ne6 14. Bd3
Qf6 15. c3 c5 16. Bg5 1-0

[Event "SR 3. liga A2 2013/2014"]
[Site "?"]
[Date "2013.10.13"]
[Round "1.4"]
[White "Hrubsa, Marian"]
[Black "Korosi, Gejza"]
[Result "1-0"]
[WhiteElo "1801"]
[BlackElo "1518"]
[PlyCount "51"]
[EventDate "2013.??.??"]

1. e4 e5 2. Nf3 Nc6 3. Bb5 d6 4. d4 exd4 5. Nxd4 Bd7 6. Bxc6 Bxc6 7. Qd3 Nf6 8.
O-O Be7 9. Nc3 O-O 10. Nxc6 bxc6 11. b3 Re8 12. Bb2 c5 13. f4 c6 14. Rad1 Qc7
15. Qg3 Bf8 16. Qf3 Nd7 17. Ne2 f6 18. c4 a5 19. Ng3 Re6 20. Qd3 Rd8 21. Rf3
Nb6 22. e5 fxe5 23. fxe5 d5 24. Qf5 Rde8 25. Rdf1 Qb8 26. Qf7+ 1-0

[Event "SR 3. liga A2 2013/2014"]
[Site "?"]
[Date "2013.10.13"]
[Round "1.4"]
[White "Pszota, Mate"]
[Black "Vach, Jozef"]
[Result "1-0"]
[WhiteElo "1475"]
[BlackElo "1799"]
[PlyCount "55"]
[EventDate "2013.??.??"]

1. e4 e5 2. Nf3 Nc6 3. Nc3 d6 4. h3 Nf6 5. Bb5 Bd7 6. d3 a6 7. Ba4 b5 8. Bb3
Na5 9. Bg5 c6 10. O-O Be7 11. Ne2 Nxb3 12. axb3 Qc7 13. b4 d5 14. exd5 cxd5 15.
Qd2 O-O 16. Rfe1 Rfc8 17. c3 Bc6 18. Ng3 Bd6 19. Bxf6 gxf6 20. Qh6 e4 21. Nd4
Qd8 22. Nh5 Bf8 23. Nxf6+ Qxf6 24. Qxf6 Bg7 25. Qg5 f6 26. Qf5 Rc7 27. Nxc6
Rxc6 28. Qxd5+ 1-0

[Event "SR 3. liga A2 2013/2014"]
[Site "?"]
[Date "2013.10.13"]
[Round "1.4"]
[White "Kubik, Peter"]
[Black "Csoltko, Fridrich"]
[Result "1-0"]
[WhiteElo "1824"]
[BlackElo "1354"]
[PlyCount "65"]
[EventDate "2013.??.??"]

1. e4 e5 2. Nf3 Nc6 3. Bb5 Nf6 4. O-O Bc5 5. Nc3 d6 6. d4 a6 7. Bxc6+ bxc6 8.
dxc5 O-O 9. Bg5 a5 10. Qd2 Rb8 11. b3 Rb4 12. a3 Rb8 13. Rfd1 Qe7 14. cxd6 cxd6
15. Qxd6 Qxd6 16. Rxd6 Ne8 17. Rxc6 Bb7 18. Rc5 Nd6 19. Be7 Rfe8 20. Bxd6 Rbc8
21. Nd5 Rxc5 22. Bxc5 Bxd5 23. exd5 e4 24. Re1 f5 25. Ng5 g6 26. Kf1 Rc8 27. b4
axb4 28. axb4 Ra8 29. Bd4 Ra2 30. Ra1 Rxa1+ 31. Bxa1 h6 32. Ne6 Kf7 33. b5 1-0

[Event "SR 3. liga A2 2013/2014"]
[Site "?"]
[Date "2013.10.13"]
[Round "1.5"]
[White "Doucha, Ludvik"]
[Black "Abel, Peter"]
[Result "1/2-1/2"]
[WhiteElo "2039"]
[BlackElo "2188"]
[PlyCount "20"]
[EventDate "2013.??.??"]

1. e4 Nf6 2. e5 Nd5 3. d4 d6 4. c4 Nb6 5. exd6 cxd6 6. Nc3 g6 7. h4 h5 8. Nh3
Bf5 9. Be3 Bg7 10. Qd2 Nc6 1/2-1/2

[Event "SR 3. liga A2 2013/2014"]
[Site "?"]
[Date "2013.10.13"]
[Round "1.5"]
[White "Mihalik, Marek"]
[Black "Sturdik, Igor"]
[Result "1/2-1/2"]
[WhiteElo "2031"]
[BlackElo "2017"]
[PlyCount "90"]
[EventDate "2013.??.??"]

1. d4 Nf6 2. c4 c5 3. d5 e6 4. Nc3 exd5 5. cxd5 d6 6. e4 g6 7. h3 Bg7 8. Bd3
O-O 9. Nf3 b5 10. O-O a6 11. Bg5 h6 12. Bf4 Re8 13. Re1 Bb7 14. Qd2 Kh7 15.
Rad1 Qb6 16. Bb1 Nbd7 17. g4 Ng8 18. Ne2 Rad8 19. Ng3 Ne5 20. Nxe5 Bxe5 21. h4
Bc8 22. f3 c4+ 23. Kg2 Qc7 24. h5 g5 25. Bxe5 Rxe5 26. Rc1 Qa7 27. Qa5 Rde8 28.
b3 Nf6 29. bxc4 Bxg4 30. fxg4 Nxg4 31. Qd2 bxc4 32. Rxc4 Rb8 33. Nf5 Rxb1 34.
Rxb1 Rxf5 35. exf5 Ne3+ 36. Kf3 Nxc4 37. Qf2 Qd7 38. Kg3 Ne5 39. Rb6 Qa4 40.
Qe2 Qh4+ 41. Kg2 g4 42. Rb3 Qxh5 43. Qe4 Kg7 44. Qf4 Kf6 45. Rb6 Qh3+ 1/2-1/2

[Event "SR 3. liga A2 2013/2014"]
[Site "?"]
[Date "2013.10.13"]
[Round "1.5"]
[White "Lukacovic, Miroslav"]
[Black "Manak, Jozef"]
[Result "0-1"]
[WhiteElo "2003"]
[BlackElo "1998"]
[PlyCount "110"]
[EventDate "2013.??.??"]

1. d4 d5 2. c4 e6 3. Nc3 Nf6 4. Nf3 Be7 5. Bf4 O-O 6. e3 a6 7. Rc1 Nbd7 8. Bd3
dxc4 9. Bxc4 c5 10. dxc5 Nxc5 11. a4 Bd7 12. b3 Bc6 13. O-O Nce4 14. Be5 Qa5
15. Nxe4 Bxe4 16. Qd4 Rfd8 17. Qc3 Qxc3 18. Bxc3 Bd3 19. Bxd3 Rxd3 20. Ne5 Rd5
21. Bd4 Nd7 22. Rc7 Nxe5 23. Rxe7 Nc6 24. Rxb7 Nxd4 25. exd4 Rxd4 26. Rc1 a5
27. g3 Rd5 28. Rcc7 Rf8 29. Ra7 g6 30. Rcb7 Kg7 31. Rb5 Rxb5 32. axb5 Rb8 33.
Rxa5 Kf6 34. Kf1 Ke5 35. Ke2 Kd4 36. Kd2 e5 37. Ra7 f5 38. Rd7+ Ke4 39. Rd3 f4
40. g4 f3 41. Re3+ Kf4 42. h3 Rxb5 43. Rc3 Ra5 44. b4 Ra2+ 45. Rc2 Rxc2+ 46.
Kxc2 e4 47. b5 e3 48. b6 exf2 49. b7 f1=Q 50. b8=Q+ Ke3 51. Qa7+ Ke2 52. Qe7+
Kf2 53. Qxh7 Qe2+ 54. Kc3 Qe3+ 55. Kb2 Kg1 0-1

[Event "SR 3. liga A2 2013/2014"]
[Site "?"]
[Date "2013.10.13"]
[Round "1.5"]
[White "Bincik, Pavol"]
[Black "Bahna, Jan"]
[Result "1/2-1/2"]
[WhiteElo "1952"]
[BlackElo "1951"]
[PlyCount "31"]
[EventDate "2013.??.??"]

1. d4 d5 2. c4 e6 3. Nc3 Nf6 4. Bg5 Be7 5. Nf3 O-O 6. e3 a6 7. cxd5 exd5 8. Bd3
h6 9. Bh4 c6 10. O-O Re8 11. a3 Nbd7 12. b4 Nh5 13. Bxe7 Qxe7 14. Rb1 Nhf6 15.
a4 Ne4 16. Bxe4 1/2-1/2

[Event "SR 3. liga A2 2013/2014"]
[Site "?"]
[Date "2013.10.13"]
[Round "1.5"]
[White "Krist, Milan"]
[Black "Mihalik, Anton"]
[Result "1/2-1/2"]
[WhiteElo "1946"]
[BlackElo "1942"]
[PlyCount "28"]
[EventDate "2013.??.??"]

1. d4 d5 2. Nf3 Nf6 3. c4 e6 4. Nc3 Nbd7 5. e3 a6 6. Bd3 dxc4 7. Bxc4 b5 8. Bd3
Bb7 9. O-O Be7 10. Qe2 c5 11. Rd1 Qc7 12. h3 O-O 13. Bd2 Rac8 14. Rac1 Qb8
1/2-1/2

[Event "SR 3. liga A2 2013/2014"]
[Site "?"]
[Date "2013.10.13"]
[Round "1.5"]
[White "Gono, Michal"]
[Black "Bukovsky, Milan"]
[Result "1/2-1/2"]
[WhiteElo "1941"]
[BlackElo "1930"]
[PlyCount "80"]
[EventDate "2013.??.??"]

1. Nf3 Nf6 2. d4 g6 3. Bf4 Bg7 4. e3 O-O 5. Bd3 d5 6. Nbd2 Nbd7 7. O-O c6 8. c3
Qb6 9. Qb3 Re8 10. e4 dxe4 11. Nxe4 Nxe4 12. Bxe4 Nf6 13. Bd3 Qxb3 14. axb3 a6
15. Rfe1 Nd5 16. Bd2 Bf5 17. Bxf5 gxf5 18. Ne5 Rad8 19. Nd3 e6 20. Nc5 Re7 21.
Bg5 Bf6 22. Bd2 Kg7 23. f3 Kg6 24. Re2 h5 25. g3 Rg8 26. Rae1 b6 27. Nd3 Rd7
28. Kh1 Rgd8 29. h3 a5 30. Rd1 Kh7 31. Bf4 Nxf4 32. Nxf4 Kh6 33. Ra1 Ra8 34. b4
Rda7 35. bxa5 Rxa5 36. Rxa5 Rxa5 37. Nd3 Ra1+ 38. Kg2 Ra8 39. h4 Rd8 40. b4 Ra8
1/2-1/2

[Event "SR 3. liga A2 2013/2014"]
[Site "?"]
[Date "2013.10.13"]
[Round "1.5"]
[White "Hagara, Vladimir"]
[Black "Nemsak, Denis"]
[Result "0-1"]
[WhiteElo "1873"]
[BlackElo "1913"]
[PlyCount "58"]
[EventDate "2013.??.??"]

1. c4 f5 2. Nc3 g6 3. g3 Bg7 4. e3 Nf6 5. Bg2 O-O 6. Nf3 d6 7. d4 Qe8 8. O-O
Na6 9. b3 c5 10. Bb2 Bd7 11. a4 b6 12. Qe2 Nc7 13. d5 a6 14. Rfd1 Rb8 15. e4
fxe4 16. Ng5 Bg4 17. f3 exf3 18. Bxf3 Bxf3 19. Nxf3 Ng4 20. Rab1 Qd7 21. Ne4
Bh6 22. Rd3 b5 23. axb5 axb5 24. Re1 bxc4 25. bxc4 Be3+ 26. Kg2 Rxb2 27. Qxb2
Rxf3 28. Rdxe3 Rxe3 29. Qb8+ Ne8 0-1

[Event "SR 3. liga A2 2013/2014"]
[Site "?"]
[Date "2013.10.13"]
[Round "1.5"]
[White "Slaby, Jozef"]
[Black "Holicky, Miroslav"]
[Result "1/2-1/2"]
[WhiteElo "1874"]
[BlackElo "1783"]
[PlyCount "103"]
[EventDate "2013.??.??"]

1. c4 e5 2. Nc3 Nc6 3. Nf3 Bb4 4. Nd5 Bc5 5. d3 Nge7 6. Nc3 d5 7. cxd5 Nxd5 8.
g3 O-O 9. Bg2 Nxc3 10. bxc3 e4 11. dxe4 Bxf2+ 12. Kxf2 Qe7 13. Qc2 f5 14. exf5
Rxf5 15. Bh3 Rxf3+ 16. exf3 Bxh3 17. Qb3+ Kh8 18. Ba3 Qf6 19. Rhe1 Ne5 20. Rxe5
Qxe5 21. Re1 Qf6 22. Qxb7 Qb6+ 23. Qxb6 axb6 24. Bb2 Kg8 25. a3 Kf7 26. g4 Re8
27. Bc1 h5 28. gxh5 Rh8 29. Bg5 Be6 30. h4 Ra8 31. Ra1 Ra4 32. Ke3 c6 33. f4
Bg4 34. h6 gxh6 35. Bxh6 Kg6 36. Bg5 Kf5 37. Kd3 Bf3 38. Ke3 Bh5 39. Kd2 b5 40.
Kc2 Re4 41. Rg1 Bg4 42. Rg2 Bh5 43. Rd2 Bf7 44. Rd6 Re2+ 45. Kd1 Bc4 46. Rxc6
Ra2 47. h5 Be2+ 48. Kc1 Bxh5 49. Rc5+ Ke4 50. Rxb5 Kd3 51. Rd5+ Kc4 52. Rd8
1/2-1/2

[Event "SR 3. liga A2 2013/2014"]
[Site "?"]
[Date "2013.10.13"]
[Round "1.6"]
[White "Horak, Ivan"]
[Black "Sosna, Jan"]
[Result "0-1"]
[WhiteElo "2070"]
[BlackElo "2367"]
[PlyCount "100"]
[EventDate "2013.??.??"]

1. e4 e5 2. Nf3 Nc6 3. Bb5 Nf6 4. d4 exd4 5. O-O a6 6. Ba4 Be7 7. Re1 b5 8. Bb3
d6 9. Bd5 Nxd5 10. exd5 Ne5 11. Nxd4 O-O 12. a4 Bg4 13. Qd2 Bd7 14. Nc3 bxa4
15. Nxa4 Re8 16. b3 Bf6 17. Bb2 Ng6 18. Rxe8+ Qxe8 19. Re1 Qb8 20. Nf3 Bxb2 21.
Nxb2 h6 22. Re4 Qa7 23. Rc4 Bb5 24. Re4 Qc5 25. b4 Qa7 26. c4 Bd7 27. h4 Bf5
28. Re1 Bg4 29. Nh2 Bd7 30. Nf3 Qb6 31. h5 Nf8 32. Re4 a5 33. bxa5 Qxa5 34.
Qxa5 Rxa5 35. Nd4 Nh7 36. Nd3 Nf6 37. Re1 Nxh5 38. Rb1 Ra4 39. Rb8+ Kh7 40. Nb4
Ra1+ 41. Kh2 Rc1 42. Rb7 Rxc4 43. Nbc6 Nf6 44. Rxc7 Bxc6 45. Nxc6 Nxd5 46. Rc8
Nb6 47. Rc7 d5 48. Kg3 d4 49. Kf3 d3 50. g3 f5 0-1

[Event "SR 3. liga A2 2013/2014"]
[Site "?"]
[Date "2013.10.13"]
[Round "1.6"]
[White "Gasa, Andrej"]
[Black "Sefcik, Marek"]
[Result "1-0"]
[WhiteElo "2308"]
[BlackElo "2030"]
[PlyCount "55"]
[EventDate "2013.??.??"]

1. e4 c6 2. d4 d6 3. Nc3 Qc7 4. a4 e5 5. Bc4 Nf6 6. Nf3 Bg4 7. Be3 Be7 8. h3
Bh5 9. Bb3 Nbd7 10. g4 Bg6 11. Nd2 h5 12. g5 Nh7 13. Rg1 Nhf8 14. f4 exf4 15.
Bxf4 Ne6 16. Be3 O-O-O 17. h4 Kb8 18. Qe2 Rde8 19. O-O-O c5 20. Nb5 Qa5 21. Qh2
cxd4 22. Nc4 Qa6 23. Bxd4 Nxd4 24. Rxd4 Nc5 25. Ncxd6 Nxb3+ 26. cxb3 Qc6+ 27.
Rc4 Bxd6 28. Nxd6 1-0

[Event "SR 3. liga A2 2013/2014"]
[Site "?"]
[Date "2013.10.13"]
[Round "1.6"]
[White "Chabada, Tomas"]
[Black "Sebesta, Radovan"]
[Result "0-1"]
[WhiteElo "1972"]
[BlackElo "2035"]
[PlyCount "94"]
[EventDate "2013.??.??"]

1. e4 c5 2. Nf3 Nc6 3. d4 cxd4 4. Nxd4 g6 5. Nc3 Bg7 6. Be3 Nf6 7. f3 Qb6 8.
Nf5 Qxb2 9. Nxg7+ Kf8 10. Na4 Qe5 11. Bh6 d5 12. Nh5+ Kg8 13. Nxf6+ exf6 14.
Bb5 Nd4 15. O-O Nxb5 16. exd5 Bd7 17. Nc5 Qc7 18. Ne4 Qb6+ 19. Kh1 f5 20. Ng5
Qd4 21. Qxd4 Nxd4 22. Rfd1 Nxc2 23. Rac1 Rc8 24. Rd2 Ba4 25. d6 f6 26. Ne6 Kf7
27. d7 Bxd7 28. Rxd7+ Kxe6 29. Rxb7 Rhd8 30. h3 g5 31. f4 g4 32. Rxa7 gxh3 33.
gxh3 Rc3 34. Rxh7 Rxh3+ 35. Kg2 Rc3 36. Rb1 Rd2+ 37. Kg1 Rg3+ 38. Kh1 Rh3+ 39.
Kg1 Rdh2 40. Rb6+ Kd5 41. Rxf6 Ne3 42. Rd7+ Ke4 43. Re6+ Kf3 44. Rxe3+ Kxe3 45.
Bf8 Rxa2 46. Bd6 Kf3 47. Be5 Rg2+ 0-1

[Event "SR 3. liga A2 2013/2014"]
[Site "?"]
[Date "2013.10.13"]
[Round "1.6"]
[White "Gasa, Patrik"]
[Black "Kovarik, Oto"]
[Result "1/2-1/2"]
[WhiteElo "1956"]
[BlackElo "1925"]
[PlyCount "123"]
[EventDate "2013.??.??"]

1. d4 d5 2. c4 e6 3. Nf3 Nf6 4. Nc3 Be7 5. Bg5 O-O 6. e3 b6 7. Bd3 dxc4 8. Bxc4
Bb7 9. O-O Nbd7 10. Qe2 Ne4 11. Bxe7 Nxc3 12. bxc3 Qxe7 13. e4 c5 14. Rac1 Rac8
15. Rfd1 cxd4 16. cxd4 Rc7 17. Rc2 Rfc8 18. Rdc1 Nf6 19. Bd3 h6 20. h3 g6 21.
Ne5 Kg7 22. Nc4 Qd8 23. e5 Ne8 24. Qe3 Bd5 25. Qf4 Rc6 26. a3 b5 27. Ne3 Rxc2
28. Rxc2 Rxc2 29. Nxc2 a6 30. Qd2 Qc7 31. Nb4 Bb7 32. Qc2 Qxc2 33. Nxc2 Nc7 34.
Ne3 Bd5 35. Kf1 f5 36. exf6+ Kxf6 37. Ke2 h5 38. g3 a5 39. Kd2 Bc6 40. Kc3 e5
41. dxe5+ Kxe5 42. Bxg6 Bf3 43. Bf7 Kf6 44. Bg8 Ke5 45. Bb3 Be2 46. Bc2 Bf3 47.
Bd3 Bc6 48. f4+ Kf6 49. g4 Ne6 50. g5+ Nxg5 51. fxg5+ Kxg5 52. Kd4 Bd7 53. Bf1
b4 54. axb4 axb4 55. Nd5 Kh4 56. Ke3 b3 57. Nf4 Bf5 58. Bd3 Bxd3 59. Nxd3 Kxh3
60. Kf3 h4 61. Nb2 Kh2 62. Kf2 1/2-1/2

[Event "SR 3. liga A2 2013/2014"]
[Site "?"]
[Date "2013.10.13"]
[Round "1.6"]
[White "Bilovsky, Milan"]
[Black "Lanik, Miroslav"]
[Result "1-0"]
[WhiteElo "1912"]
[BlackElo "1925"]
[PlyCount "55"]
[EventDate "2013.??.??"]

1. e4 c5 2. c3 d6 3. d4 Nf6 4. Bd3 g6 5. Ne2 Bg7 6. O-O O-O 7. h3 Nc6 8. Be3 b6
9. Nd2 Bb7 10. f4 e6 11. Rc1 Qe7 12. Qe1 Rac8 13. a3 Rfe8 14. g4 Nd7 15. Qg3 d5
16. e5 f5 17. h4 Qf7 18. Nf3 h6 19. Kf2 Kh8 20. Rh1 c4 21. Bc2 Ne7 22. h5 g5
23. fxg5 fxg4 24. Qxg4 Rf8 25. Nf4 Nf5 26. Ng6+ Kg8 27. Rcf1 Nxe3 28. Kxe3 1-0

[Event "SR 3. liga A2 2013/2014"]
[Site "?"]
[Date "2013.10.13"]
[Round "1.6"]
[White "Palka, Martin"]
[Black "Husek, Lubomir"]
[Result "1/2-1/2"]
[WhiteElo "1881"]
[BlackElo "1829"]
[PlyCount "60"]
[EventDate "2013.??.??"]

1. c4 g6 2. Nc3 Bg7 3. g3 Nf6 4. Bg2 e6 5. e4 O-O 6. Nge2 c6 7. e5 Ne8 8. d4 d6
9. exd6 Nxd6 10. b3 Nf5 11. Be3 Nxe3 12. fxe3 Nd7 13. O-O Nf6 14. Qd3 e5 15. d5
cxd5 16. cxd5 Qb6 17. Na4 Qd6 18. Rac1 Bd7 19. Nc5 Rab8 20. h3 a6 21. Nxd7 Nxd7
22. e4 Rbc8 23. Qd2 Nf6 24. Rxc8 Rxc8 25. Rc1 Rxc1+ 26. Qxc1 Bf8 27. Bf3 h5 28.
Kg2 Qb4 29. Qc3 Qxc3 30. Nxc3 Bd6 1/2-1/2

[Event "SR 3. liga A2 2013/2014"]
[Site "?"]
[Date "2013.10.13"]
[Round "1.6"]
[White "Hrubos, Milan"]
[Black "Palka, Miroslav"]
[Result "1-0"]
[WhiteElo "1772"]
[BlackElo "1924"]
[PlyCount "121"]
[EventDate "2013.??.??"]

1. e4 c5 2. Nf3 d6 3. d4 cxd4 4. Nxd4 Nf6 5. Nc3 g6 6. Bc4 Bg7 7. f3 O-O 8. Be3
Nc6 9. Qd2 Bd7 10. O-O-O Ne5 11. Bb3 Qa5 12. Kb1 Rfc8 13. h4 Nc4 14. Bxc4 Rxc4
15. h5 Rac8 16. hxg6 fxg6 17. Nd5 Qxd2 18. Nxf6+ Bxf6 19. Rxd2 Kg7 20. g4 a6
21. c3 e5 22. Nc2 Be7 23. Bh6+ Kf7 24. Ne3 R4c6 25. Nd5 Bf6 26. Be3 Rh8 27. Nb4
Rc7 28. Bb6 Rcc8 29. Rxd6 Be6 30. Rd2 Bg5 31. Rdd1 h5 32. gxh5 Rxh5 33. Rxh5
gxh5 34. Rh1 Rh8 35. Nd3 Kf6 36. Bc7 Bf4 37. Nxf4 exf4 38. Bxf4 h4 39. Be3 Rh7
40. f4 Bg4 41. Bb6 h3 42. Bd8+ Kf7 43. e5 Bf3 44. Rh2 Bg2 45. Kc2 Ke6 46. Bb6
Kf5 47. Bc5 Rh8 48. e6 Kxe6 49. Kd2 Kf5 50. Ke3 Kg4 51. Kf2 Kxf4 52. Rxg2 hxg2
53. Kxg2 Ke4 54. Bd4 Kd3 55. Bxh8 a5 56. Kf3 b5 57. Bf6 Kc2 58. Ke3 a4 59. Kd4
Kxb2 60. Kc5 Kxa2 61. Kxb5 1-0

[Event "SR 3. liga A2 2013/2014"]
[Site "?"]
[Date "2013.10.13"]
[Round "1.6"]
[White "Skapikova, Lubica"]
[Black "Fusek, Peter"]
[Result "1-0"]
[WhiteElo "1893"]
[BlackElo "1741"]
[PlyCount "55"]
[EventDate "2013.??.??"]

1. e4 e5 2. Nf3 Nc6 3. Bb5 d6 4. O-O Bd7 5. c3 h6 6. d4 exd4 7. cxd4 Nf6 8. Nc3
Be7 9. e5 dxe5 10. dxe5 Nh7 11. Qe2 O-O 12. Rd1 Qc8 13. Nd5 Re8 14. Bf4 a6 15.
Bd3 Nf8 16. Rac1 Bg4 17. Qe4 Bxf3 18. gxf3 Bd8 19. Kh1 Qe6 20. Rg1 Nxe5 21.
Nxc7 Bxc7 22. Rxc7 Nxd3 23. Qxd3 b5 24. Qc3 Ng6 25. Rc6 Qxa2 26. Bxh6 gxh6 27.
Rcxg6+ Kf8 28. Qc5+ 1-0

[Event "SR 3. liga A2 2013/2014"]
[Site "?"]
[Date "2013.10.27"]
[Round "2.1"]
[White "Zarecky, Eduard"]
[Black "Sebesta, Radovan"]
[Result "1/2-1/2"]
[WhiteElo "1903"]
[BlackElo "2035"]
[PlyCount "105"]
[EventDate "2013.??.??"]

1. d4 Nf6 2. c4 g6 3. Nc3 Bg7 4. Nf3 O-O 5. Bg5 d6 6. e4 Na6 7. Qd2 c5 8. d5
Bg4 9. Be2 Nc7 10. Bh6 a6 11. Bxg7 Kxg7 12. a4 b5 13. axb5 axb5 14. Rxa8 Qxa8
15. Qc2 bxc4 16. O-O Rb8 17. Bxc4 Qb7 18. b3 Nd7 19. Nd2 Ne5 20. Rb1 Bd7 21. f4
Nxc4 22. bxc4 Qa7 23. Rxb8 Qxb8 24. e5 Bf5 25. Nde4 Qb4 26. Qc1 dxe5 27. fxe5
Bxe4 28. d6 exd6 29. exd6 Ne6 30. Nxe4 Nd4 31. Kf2 f5 32. d7 Qb8 33. Nxc5 Qc7
34. Qe3 Qd6 35. Ne6+ Nxe6 36. Qxe6 Qxe6 37. d8=Q Qxc4 38. Qe7+ Qf7 39. Qe5+ Qf6
40. Qc7+ Kh6 41. g3 g5 42. Qc5 Kg6 43. Qc8 Qd4+ 44. Kf1 Qd3+ 45. Kf2 Qd2+ 46.
Kg1 Qe1+ 47. Kg2 Qe4+ 48. Kg1 Kh5 49. h3 f4 50. gxf4 Qxf4 51. Qd7 h6 52. Qe6
Qf3 53. Kh2 1/2-1/2

[Event "SR 3. liga A2 2013/2014"]
[Site "?"]
[Date "2013.10.27"]
[Round "2.1"]
[White "Gasa, Patrik"]
[Black "Bango, Lukas"]
[Result "0-1"]
[WhiteElo "1956"]
[BlackElo "1781"]
[PlyCount "82"]
[EventDate "2013.??.??"]

1. d4 c5 2. Nf3 Nf6 3. g3 cxd4 4. Nxd4 d6 5. Bg2 g6 6. O-O Bg7 7. c4 O-O 8. Qb3
Nbd7 9. Nc3 Nc5 10. Qc2 Rb8 11. b4 Ne6 12. Ncb5 Nxd4 13. Nxd4 Bd7 14. Bb2 Qc7
15. Rfc1 Rfc8 16. Qd2 Qd8 17. Rc2 Bc6 18. Nxc6 bxc6 19. a4 Qb6 20. b5 Ng4 21.
e3 Bxb2 22. Rxb2 Ne5 23. Rc2 cxb5 24. cxb5 a6 25. Rxc8+ Rxc8 26. Qd4 Rc5 27. f4
Ng4 28. Rb1 axb5 29. axb5 Nxe3 30. Qxe3 Rc1+ 31. Kf2 Qxe3+ 32. Kxe3 Rxb1 33.
Bc6 Kf8 34. Kd3 e6 35. Kc2 Ra1 36. Kb2 Ra7 37. Kb3 Ke7 38. Kb4 Kd8 39. b6 Ra1
40. Kb5 f6 41. Be4 d5 0-1

[Event "SR 3. liga A2 2013/2014"]
[Site "?"]
[Date "2013.10.27"]
[Round "2.1"]
[White "Slobodnik, Michal"]
[Black "Lanik, Miroslav"]
[Result "1/2-1/2"]
[WhiteElo "1891"]
[BlackElo "1925"]
[PlyCount "145"]
[EventDate "2013.??.??"]

1. g3 Nf6 2. Bg2 d5 3. d4 e6 4. c4 c6 5. Qc2 Bd6 6. Nc3 Nbd7 7. Nh3 h6 8. O-O
O-O 9. cxd5 exd5 10. Nf4 Re8 11. Bd2 Nf8 12. Rae1 Ne6 13. Nxe6 Bxe6 14. Bf4
Bxf4 15. gxf4 Qd7 16. Kh1 Bf5 17. Qd2 Re7 18. e3 Ne4 19. Bxe4 dxe4 20. f3 Rae8
21. Qf2 exf3 22. Rg1 Be4 23. Nxe4 Rxe4 24. Qxf3 Qd5 25. Rg2 f6 26. Kg1 R8e7 27.
b3 Rxd4 28. Qg4 Rd2 29. Rge2 Rxe2 30. Rxe2 Qe6 31. Qxe6+ Rxe6 32. e4 Kf7 33.
Kf2 b6 34. Ke3 Rd6 35. Rc2 c5 36. a3 Ke6 37. b4 cxb4 38. axb4 a5 39. bxa5 bxa5
40. Ra2 Ra6 41. f5+ Ke7 42. Ra4 Ra7 43. h3 Kd6 44. Kd4 Kc6 45. Kc4 Kb6 46. Kb3
Kb5 47. Rd4 a4+ 48. Ka3 Kc5 49. Rd1 Re7 50. Re1 Kd4 51. Rd1+ Ke3 52. Rg1 Kf4
53. Kxa4 Rxe4+ 54. Kb5 Re5+ 55. Kc4 Rxf5 56. Rxg7 Rh5 57. Rg4+ Kf3 58. Rg1 f5
59. Kd4 Rxh3 60. Ke5 Rh5 61. Rf1+ Kg3 62. Rg1+ Kf2 63. Ra1 Rg5 64. Kf4 Kg2 65.
Ra6 Rh5 66. Ra2+ Kf1 67. Ra6 Ke2 68. Rf6 Rh1 69. Re6+ Kf2 70. Kxf5 h5 71. Ra6
h4 72. Kg4 h3 73. Ra2+ 1/2-1/2